| 000 | 01339cad a22003015a 4500 | ||
|---|---|---|---|
| 001 | L147809 | ||
| 008 | 090619s2009 xxk f 100 0 eng d | ||
| 035 | _a(Sirsi) u147809 | ||
| 041 | 0 | _aeng | |
| 050 | 0 | 4 | _a346.41043 $2 18 |
| 100 | 1 | _aWebber, Gary | |
| 111 | 2 |
_aAnnual Conference of the Property Litigation Association _cKeble College, Oxford _d27 March 2009 |
|
| 245 | 0 | 0 |
_aAnnual conference of the Property Litigation Association _h[electronic resource] |
| 260 |
_a[S.l.] _bPLA _c2009 |
||
| 505 | 2 | _aConsents to assignment and subletting -- A thoroughly practical approach to the measure of damages in solicitors' negligence cases -- Enfranchisement -- L & T issues in the property downturn -- Rent review in the recession: yes we can! -- Case law kaleidoscope -- CPR update: what's new in the procedural world? | |
| 520 | _aCollection of conference papers from the Property Litigation Association's 2009 annual conference. | ||
| 521 | 2 | _aAdvanced | |
| 590 | _aKA | ||
| 651 | 4 |
_aUnited Kingdom _y |
|
| 690 | _aPROPERTY | ||
| 700 | 1 | _aSeitler, Jonathan | |
| 700 | 1 | _aRadevsky, Anthony | |
| 700 | 1 | _aSmall, Jonathan | |
| 700 | 1 | _aTaggart, Nic | |
| 700 | 1 | _aDowding, Nicholas | |
| 856 | 4 | 0 |
_uhttps://www.pla.org.uk/library/conference_papers _zView the conference papers free of charge at www.pla.org.uk... |
| 942 | _n0 | ||
| 999 |
_c109734 _d109734 |
||